LEADER 02196nam 2200661Ia 450 001 9910456320003321 005 20200520144314.0 010 $a1-283-22644-8 010 $a9786613226440 010 $a0-7748-5714-5 035 $a(CKB)2430000000000337 035 $a(SSID)ssj0000376848 035 $a(PQKBManifestationID)11923860 035 $a(PQKBTitleCode)TC0000376848 035 $a(PQKBWorkID)10336187 035 $a(PQKB)11679932 035 $a(CaPaEBR)406889 035 $a(CaBNvSL)thg00602858 035 $a(MiAaPQ)EBC3253062 035 $a(MiAaPQ)EBC3412457 035 $a(Au-PeEL)EBL3412457 035 $a(CaPaEBR)ebr10221829 035 $a(CaONFJC)MIL322644 035 $a(OCoLC)923444822 035 $a(EXLCZ)992430000000000337 100 $a19941123d1985 uy 0 101 0 $aeng 135 $aurcn||||||||| 181 $ctxt 182 $cc 183 $acr 200 10$aLand, the central human settlement issue$b[electronic resource] /$fH. Peter Oberlander 210 $aVancouver $cUniversity of British Columbia Press$d1985 215 $ax, 103 p., [4] p. of plates $cill. ;$d24 cm 225 1 $aHuman settlement issues ;$v7 300 $a"Published in association with the Centre for Human Settlements at the University of British Columbia." 311 $a0-7748-0235-9 320 $aIncludes bibliography: p. [93]-101. 410 0$aHuman settlement issues ;$v7. 606 $aUrban poor$xHousing$zDeveloping countries 606 $aSquatter settlements$zDeveloping countries 606 $aHuman settlements$zDeveloping countries 606 $aLand use, Urban$zDeveloping countries 608 $aElectronic books. 615 0$aUrban poor$xHousing 615 0$aSquatter settlements 615 0$aHuman settlements 615 0$aLand use, Urban 676 $a333.77/13/091724 700 $aOberlander$b H. Peter$f1922-2008.$0866678 712 02$aUniversity of British Columbia.$bCentre for Human Settlements. 801 0$bMiAaPQ 801 1$bMiAaPQ 801 2$bMiAaPQ 906 $aBOOK 912 $a9910456320003321 996 $aLand, the central human settlement issue$91934607 997 $aUNINA LEADER 04299 am 2200757 n 450 001 9910416512903321 005 20190806 010 $a2-7283-1415-2 024 7 $a10.4000/books.efr.5889 035 $a(CKB)4100000010105908 035 $a(FrMaCLE)OB-efr-5889 035 $a(oapen)https://directory.doabooks.org/handle/20.500.12854/52762 035 $a(PPN)242887023 035 $a(EXLCZ)994100000010105908 100 $a20200124j|||||||| ||| 0 101 0 $aita 135 $auu||||||m|||| 181 $ctxt$2rdacontent 182 $cc$2rdamedia 183 $acr$2rdacarrier 200 10$aMarie-René de La Blanchère: dalle terre pontine all?Africa romana /$fStéphane Bourdin, Alessandro Pagliara 210 $aRome $cPublications de l?École française de Rome$d2019 215 $a1 online resource (209 p.) 311 $a2-7283-1414-4 330 $aTheodor Mommsen aveva ventisette anni nel 1844, quando giunse la prima volta in Italia, dando inizio alla straordinaria avventura epigrafica che l?avrebbe condotto a pubblicare le Inscriptiones Regni Neapolitani Latinae (1852) e quindi alla progettazione del Corpus Inscriptionum Latinarum. Marie-René de La Blanchère (Tours, 17 febbraio 1853 - Parigi, 30 maggio 1896) ne aveva ventisei nel ?79, al momento dell?arrivo presso la neonata École française de Rome con l?obiettivo di indagare le antichità della regione pontina: iniziava allora una contrastata (e per certi versi drammatica) vicenda di vita e di ricerca, il cui principale frutto resta il ?saggio di storia locale? su Terracine (1884), preceduto e seguito da importanti contributi sul Latium adiectum e l?Africa romana; nel 1885 l?Autore si sarebbe trasferito in Tunisia, dove divenne protagonista della vasta opera di studio e salvaguardia delle antichità locali, culminata nella fondazione del Museo del Bardo. Questo libro raccoglie gli atti del convegno internazionale Dalle terre pontine all?Africa romana: Marie-René de La Blanchère, archeologo, epigrafista, orientalista (San Felice Circeo, 3-4 giugno 2016), organizzato dall?École francaise de Rome e dal Comune di San Felice Circeo (LT) in sinergia con la Soprintendenza archeologica del Lazio Meridionale, con ?Sapienza? Università di Roma e l?Università della Tuscia di Viterbo. Nel ripercorrere le tappe della carriera scientifica di La Blanchère, il volume ? arricchito dalla prima bibliografia sistematica degli scritti dell?Autore ? affronta alcuni momenti chiave della politica culturale della Francia di fine Ottocento, sullo sfondo della virtuosa competizione tra le istituzioni archeologiche europee in Italia, soffermandosi in particolare sulle tappe della ?scoperta? delle antichità del Lazio meridionale, negli anni in cui si compiva la titanica impresa dei volumi IX e X del CIL (1883). 517 $aMarie-René de La Blanchère 517 $aMarie-René de La Blanchère 606 $aArchaeology 606 $aHistory 606 $aarcheologia 606 $aAntichità 606 $aMaghreb 606 $aAfrica del Nord 606 $aTerracina 607 $aAfrica, North$xAntiquities, Roman$vCongresses 607 $aNorth Africa$2fast 610 $aAfrica del Nord 610 $aTerracina 610 $aMaghreb 610 $aAntichità 610 $aarcheologia 615 4$aArchaeology 615 4$aHistory 615 4$aarcheologia 615 4$aAntichità 615 4$aMaghreb 615 4$aAfrica del Nord 615 4$aTerracina 700 $aAttema$b Peter$01298135 701 $aBaroni$b Anne-Florence$01298136 701 $aBourdin$b Stéphane$0617444 701 $aBuonocore$b Marco$0152977 701 $aDi Brino$b Giovanni$01298137 701 $aGigli$b Stefania Quilici$0162935 701 $aGras$b Michel$0152295 701 $aPagliara$b Alessandro$0288621 701 $aPalombi$b Domenico$0324221 701 $aRey$b Sarah$0616984 701 $aTraina$b Giusto$0451144 701 $aBourdin$b Stéphane$0617444 701 $aPagliara$b Alessandro$0288621 801 0$bFR-FrMaCLE 906 $aBOOK 912 $a9910416512903321 996 $aMarie-René de La Blanchère: dalle terre pontine all?Africa romana$93024789 997 $aUNINA LEADER 04923nam 2200649Ia 450 001 9910131043103321 005 20170816125850.0 010 $a1-4443-4775-6 010 $a1-283-40695-0 010 $a9786613406958 010 $a1-4443-1943-4 010 $a1-4443-1944-2 035 $a(CKB)3460000000003409 035 $a(EBL)792634 035 $a(SSID)ssj0000477000 035 $a(PQKBManifestationID)11305773 035 $a(PQKBTitleCode)TC0000477000 035 $a(PQKBWorkID)10502256 035 $a(PQKB)10385554 035 $a(MiAaPQ)EBC792634 035 $a(PPN)221069089 035 $a(OCoLC)729724646 035 $a(EXLCZ)993460000000003409 100 $a20090327d2011 uy 0 101 0 $aeng 135 $aur|n|---||||| 181 $ctxt 182 $cc 183 $acr 200 00$aInterventional cardiology$b[electronic resource] $eprinciples and practice /$fedited by Carlo Di Mario, George D. Dangas, Peter Barlis 210 $aChichester, West Sussex ;$aHoboken, NJ $cWiley-Blackwell$d2011 215 $a1 online resource (594 p.) 300 $aDescription based upon print version of record. 311 $a1-4051-7887-6 320 $aincludes bibliographical references and index. 327 $aInterventional Cardiology: Principles and Practice; Contents; Contributors; Acknowledgements; Foreword By Patrick W. Serruys; Foreword By Martin B. Leon; Preface; PART I: Principles and Techniques; CHAPTER 1: Interventional Cardiology Training; CHAPTER 2: Atherogenesis and Inflammation; CHAPTER 3: The Essentials of Vascular Access and Closure; CHAPTER 4: Optimal Angiographic Views for Coronary Angioplasty; CHAPTER 5: Material Selection; CHAPTER 6: Physiologic Assessment in the Cardiac Catheterization Laboratory; CHAPTER 7: Quantitative Coronary and Vascular Angiography 327 $aPART II: Interventional PharmacologyCHAPTER 8: Oral Antiplatelet Agents in PCI; CHAPTER 9: Heparin, LMWH, GIIb/IIIa , and Direct Thrombin Inhibitors; PART III: Complementary Imaging Techniques; CHAPTER 10: Intravascular Ultrasound: Principles, Image Interpretation, and Clinical Applications; CHAPTER 11: Principles of Intra-coronary Optical Coherence Tomography; CHAPTER 12: Multislice Computed Tomography of Coronary Arteries; CHAPTER 13: Cardiac Magnetic Resonance Imaging; PART IV: Indications in Acute and Chronic Syndromes; CHAPTER 14: Stable Angina 327 $aCHAPTER 15: Indications in Acute Coronary Syndromes Without ST Elevation (NSTE-ACS)CHAPTER 16: Primary and Rescue PCI in Acute Myocardial Infarction; PART V: Approaching Complex Coronary Interventions; CHAPTER 17: Chronic Total Coronary Occlusion; CHAPTER 18: Percutaneous Coronary Intervention in Unprotected Left Main; CHAPTER 19: Bifurcation Lesions; CHAPTER 20: Approach to Multivessel Coronary Artery Disease; PART VI: Interventional Techniques; CHAPTER 21: Rotational Atherectomy; CHAPTER 22: Thrombectomy and Embolic Protection; CHAPTER 23: Carotid Artery Angioplasty and Stenting 327 $aCHAPTER 24: Aortic Valve Disease InterventionsCHAPTER 25: Transseptal Puncture; CHAPTER 26: Alcohol Septal Ablation for Hypertrophic Obstructive Cardiomyopathy; CHAPTER 27: Cell Therapy; PART VII: Complications; CHAPTER 28: No Reflow; CHAPTER 29: The Management of Cardiogenic Shock; CHAPTER 30: In-stent Restenosis in the DES Era; CHAPTER 31: Renal Insufficiency and the Impact of Contrast Agents; CHAPTER 32: Coronary Artery Dissection and Perforation; PART VIII: Clinical Trials; CHAPTER 33: Statistical Essentials in the Design and Analysis of Clinical Trials 327 $aCHAPTER 34: Sirolimus and Paclitaxel Eluting Stent Clinical StudiesCHAPTER 35: Zotarolimus Eluting Stent Clinical Studies; CHAPTER 36: Everolimus Eluting Coronary Stents: Clinical Trials; CHAPTER 37: Novel Drug Eluting Stent Systems; Index 330 $aThis new volume offers a balanced and current presentation of the key topics that form the cornerstone of an Interventional Cardiology training program. Globally recognized editors and contributors draw on their years of experience to provide practical information emphasizing the basics of material selection and optimal angiographic setup for purposes of the interventional procedure. Comprehensive chapters address the different techniques of approaching complex coronary lesions such as chronic occlusions, bifurcations, and unprotected left main lesions. 606 $aCoronary heart disease$xSurgery 606 $aCardiology 615 0$aCoronary heart disease$xSurgery. 615 0$aCardiology. 676 $a617.4/12 676 $a617.412 701 $aBarlis$b Peter$0958407 701 $aDangas$b George D$0958408 701 $aDi Mario$b Carlo$0958409 801 0$bMiAaPQ 801 1$bMiAaPQ 801 2$bMiAaPQ 906 $aBOOK 912 $a9910131043103321 996 $aInterventional cardiology$92171465 997 $aUNINA